000 00705cam a2200229 4500
001 D13755
008 071122s1965 xxkc pf 001 aeng
035 _a(Sirsi) u11451
041 _aeng
050 0 4 _a920 $2 18
100 1 _aRogers, Vivian Barry
245 0 0 _aMajor Vivian Barry Rogers CBE, DSO, MC, JP
_ban autobiography
260 _aLondon
_bPrivately printed by T. & A. Constable
_c1965
300 _a152 p.
_bill.
_c26 cm.
350 _a0
520 _aAn autobiography by the surveyor Major Vivian Barry Rogers.
610 2 4 _aRogers, Chapman and Thomas
_95394
651 4 _aUnited Kingdom
_y
690 _aABOUT RICS-RICS MEMBERS-CHARTERED SURVEYORS
942 _n0
948 _c04/03/1997
999 _c86866
_d86866